Responses for show #3835 - Friday, April 13, 2001

Larry Cloud game 2.

Contestants

[<< previous game]

Geoff Boucher, a journalist from Long Beach, California

Kate Goodyear, a college counselor from Van Nuys, California

Larry Cloud, a computer consultant from Inglewood, California (whose 1-day cash winnings total $17,400)

[next game >>]

Jeopardy! Round responses

COLLEGES & UNIVERSITIES
WILLIAM & MARY
DUKE
TEMPLE
BROWN
SLIPPERY "ROCK"
    $100 1
Harvard

Larry
    $100 6
(G: What is a war?)

Revolution

KateGeoff
    $100 11
Davy Crockett

Larry
    $100 21
Synagogue

Kate
    $100 26
Ale

Geoff
    $100 16
Rocket

Geoff
    $200 2
West Point

Larry
    $200 7
Dikes

Kate
    $200 12
Stagecoach

Larry
    $200 22
Shirley Temple

Geoff
    $200 27
(K: What is wheat?)

Rice

LarryKate
    $200 17
Rock Hudson

Geoff
    $300 3
Princeton

Larry
    $300 8
Scotland

Larry
    $300 13
True Grit

Larry
    $300 23
Solomon

Kate
    $300 28
Brownshirts

Geoff
    $300 18
The Rockford Files

Larry
    $400 4
Alabama

Kate
    $400 9
Whig

Larry
    $400 14
Gunsmoke

Geoff
    $400 24
the Peoples Temple

Triple Stumper
    $400 29
Brown study

Triple Stumper
    $400 19
rock lobster

Geoff
    $500 5
Georgetown

Triple Stumper
    $1,000 10
(L: What is polio?)

Smallpox

Larry
    $500 15
(G: What is "Red Pony?")

Red River

Geoff
Triple Stumper
    $500 25
Golden Temple

Larry
    $500 30
Seaweed/algae

Kate
    $500 20
Rock bottom

Larry

Scores at the first commercial break (after clue 15):

Larry Kate Geoff
$900 $700 -$200

Scores at the end of the Jeopardy! Round:

Larry Kate Geoff
$2,400 $1,400 $1,100

Double Jeopardy! Round responses

BRITISH ART & ARTISTS
CAPITAL CITY BIRTHPLACES
KIDDY LIT
4 SCORE
THEATRE
"ONO"
    $200 4
Daniel

Geoff
    $200 12
(G: What is Vienna?)

Stockholm

KateGeoff
    $200 7
"Wolf!"

Larry
    $200 13
English

Geoff
    $200 18
Arthur Miller

Geoff
    $200 1
Donor

Geoff
    $400 8
Charles Dickens

Larry
    $400 24
(L: What is St. Petersburg?)
(minute to go, Larry...)

Moscow

Larry
Triple Stumper
    $400 22
Pippi Longstocking

Larry
    $400 14
Winter, spring, summer or fall

Triple Stumper
    $400 19
"Jesus Christ Superstar"

Kate
    $400 2
Pronouns

Geoff
    $1,000 9
Thomas Gainsborough

Larry
    $600 25
Dublin

Geoff
    $600 26
Sweet Valley High

Kate
    $600 15
The Four Horsemen of the Apocalypse

Geoff
    $600 20
"Annie"

Larry
    $600 3
Onomatopoeia

Kate
    $800 10
Sir Joshua Reynolds

Larry
    $800 29
Bucharest, Romania

Kate
    $800 27
The Outsiders

Geoff
    $1,200 16
(G: What is....(time)?)

Winds

Geoff
    $800 21
Val Kilmer

Geoff
    $800 5
Deuteronomy

Triple Stumper
    $1000 11
Lady Hamilton

Larry
    $1000 30
Mexico City

Larry
    $1000 28
(L: What is the Acme Lab?)

NIMH (National Institute of Mental Health)

LarryKate
    $1000 17
The Raj Quartet

Larry
    $1000 23
Eugene O'Neill

Larry
    $1000 6
Gastronomy

Geoff

Scores at the end of the Double Jeopardy! Round:

Larry Kate Geoff
$8,400 $5,000 $4,700

[wagering suggestions for these scores]

Final Jeopardy! Round responses

THE SUPREME COURT
(Alex: The President always appoints justices to the Supreme Court.)
GeoffWho is Warren?
$0
KateWho was Taft
$4,750
LarryWho is W.H. Taft
$2,000
William Howard Taft

Final scores:

Larry Kate Geoff
$10,400 $9,750 $4,700
2-day champion: $27,800 2nd place: Trip to Breezes Bahamas Resort 3rd place: Discovery Channel Store Gift Certificate

Game dynamics:

Coryat scores:

Larry Kate Geoff
$9,000 $5,000 $5,900
22 R
(including 1 DD),
3 W
(including 1 DD)
12 R,
1 W
17 R,
4 W
(including 1 DD)

Combined Coryat: $19,900

The J! Archive is created by fans, for fans. The Jeopardy! game show and all elements thereof, including but not limited to copyright and trademark thereto, are the property of Jeopardy Productions, Inc. and are protected under law. This website is not affiliated with, sponsored by, or operated by Jeopardy Productions, Inc. Join the discussion at JBoard.tv.